000 08640nam a22006857a 4500
005 20100803103431.0
010 _aHIN-89957 B-430023-058
020 _c95.00
_a9788128823725
035 _aHN-62303
035 _aB-430023-058
037 _bDBAD/PUB
037 _bएलाईड पब्लिशर्स
082 _a920
100 _aसरन, रेणु
_928165
245 _aसच हुए सपने:
_cरेणु सरन
_bविश्व प्रसिद्ध महिलाएं /
246 _aSach Huwe Sapne
_bby Renu Saran
260 _aनई दिल्ली
_bडायमंड पॉकेट बुक्स
_c2010
270 _aएक्स-30, ओखला इंडस्ट्रियल एरिया, फेज-II
_bनई दिल्ली
_e110020
_k011-41611861, 40712100
_l011-41611866
_msales@dpb.in
300 _a140पृ.
_c22सेमी.(अजिल्द)
_bसचित्र
700 _93937
942 _2ddc
_cHN
_h920
_mसरन
999 _c38839
_d38839